| 000 | 00540nam a22001817a 4500 | ||
|---|---|---|---|
| 005 | 20180501171221.0 | ||
| 010 | _aENG-122841 | ||
| 020 |
_a9789386702623 _c350.00 |
||
| 035 | _aEN-106373 | ||
| 037 | _bDBAD/PUB | ||
| 082 | _aS | ||
| 100 | _aSteel, Flora Annie | ||
| 245 |
_aShehzadi mircha folktales from the punjab / _cby Flora Annie Steel |
||
| 260 |
_aNew Delhi _bSpeaking Tiger Publications _c2017 |
||
| 270 |
_a4381/4, Ansari Road, Daryaganj, _bNew Delhi _e110002 |
||
| 300 |
_a263p. _c21cm(pbk) _bill. |
||
| 942 |
_2ddc _cEN _mSTE _hS |
||
| 999 |
_c151814 _d151814 |
||